Normal view
MARC view
- Fried, Joel R
Entry Personal Name
001 - CONTROL NUMBER
- control field: 86484
003 - CONTROL NUMBER IDENTIFIER
- control field: NUST
005 - DATE AND TIME OF LATEST TRANSACTION
- control field: 20211213110126.0
008 - FIXED-LENGTH DATA ELEMENTS
- fixed length control field: 211213|| aca||aabn | a|a d
040 ## - CATALOGING SOURCE
- Original cataloging agency: NUST
- Transcribing agency: NUST
100 ## - HEADING--PERSONAL NAME
- Personal name: Fried, Joel R
670 ## - SOURCE DATA FOUND
- Source citation: Work cat.: (NUST)34060: Fried, Joel R., Polymer Science & Technology, 2013.
